Some observations on manoeuvre stability and longitudinal control /

Bibliographic Details
Main Author: Pinsker, W. J. G.
Corporate Author: Aeronautical Research Council (Great Britain)
Format: Book
Language:English
Published: London : Her Majesty's Stationery Office, 1973.
Series:Reports and memoranda (Aeronautical Research Council (Great Britain)) ; no. 3730.
Subjects:

MARC

Tag First Indicator Second Indicator Subfields
LEADER 00000cam a2200000 a 4500
001 in00001403099
005 20151020054157.0
008 980122s1973 enka b f000 0 eng d
020 |a 0114708231 
035 |a (OCoLC)38245886 
035 |9 AHN0645AM 
040 |a TXA  |c TXA  |d UtOrBLW 
049 |a TXAM 
090 |a TL526.G7  |b A4 no. 3730 
100 1 |a Pinsker, W. J. G. 
245 1 0 |a Some observations on manoeuvre stability and longitudinal control /  |c by W.J. Pinsker. 
264 1 |a London :  |b Her Majesty's Stationery Office,  |c 1973. 
300 |a 20 pages :  |b illustrations ;  |c 30 cm. 
336 |a text  |b txt  |2 rdacontent 
337 |a unmediated  |b n  |2 rdamedia 
338 |a volume  |b nc  |2 rdacarrier 
490 1 |a Aeronautical Research Council. Reports and memoranda ;  |v no. 3730 
500 |a Cover title. 
500 |a "March, 1972" -- page 1. 
500 |a "Replaces R.A.E. Technical Report 72068--A.R.C. 34 020" -- page 1. 
504 |a Includes bibliographical references (page 13). 
650 0 |a Stability of airplanes. 
710 2 |a Aeronautical Research Council (Great Britain) 
830 0 |a Reports and memoranda (Aeronautical Research Council (Great Britain)) ;  |v no. 3730. 
999 |a MARS 
999 f f |s 6346d924-6984-37d7-b330-b1c3fa6e9130  |i 4e322dda-25c0-398a-8bca-6e9f6ad33607  |t 0 
952 f f |p ric  |a Texas A&M University  |b Rellis Campus  |c Joint Library Facility  |d Remote Storage  |t 0  |e TL526.G7 A4 no. 3730  |h Library of Congress classification  |i unmediated -- volume  |m A14822013903 
998 f f |a TL526.G7 A4 no. 3730  |t 0  |l Remote Storage